Deadliest Events - Statistics

General Stats
  • This quiz has been taken 78 times
    54 since last reset
  • The average score is 5 of 20
Answer Stats
Years Deaths Event % Correct
1939-1945 80,000,000 World War II (inc. Holocaust)
94%
1346-1353 25,000,000 Black Death
89%
1914-1918 17,000,000 World War I
85%
1918-1920 17,000,000 Spanish Flu
68%
1981- 45,000,000 HIV/AIDS Pandemic
47%
1206-1368 30,000,000 Mongol Conquests
34%
1850-1864 20,000,000 Taiping Rebellion
21%
184-280 36,000,000 Three Kingdoms Period
15%
541-549 15,000,000 Plague of Justinian
11%
1906-1907 20,000,000 Chinese Famine of 1906-1907
9%
1769-1773 10,000,000 Great Bengal Famine of 1770
9%
1959-1961 15,000,000 Great Chinese Famine
9%
1937-1945 20,000,000 Second Sino-Japanese War
9%
755-763 13,000,000 An Lushan Rebellion
6%
1616-1683 25,000,000 Transition from Ming to Qing
6%
1519-1530 10,500,000 Spanish Conquest of Mexico
4%
1789-1793 11,000,000 Doji Bara Famine
2%
1533-1572 10,000,000 Spanish Conquest of the Inca Empire
2%
1855-1960 12,000,000 Third Plague Pandemic
2%
1783-1784 11,000,000 Chalisa Famine
0%
No matching quizzes found
Score Distribution
Percent of People with Each Score
Percentile by Number Answered
Your Score History
You have not taken this quiz since the last reset